| Tag |
First Indicator |
Second Indicator |
Subfields |
| LEADER |
00000pam a2200000 a 4500 |
| 001 |
in00000083436 |
| 005 |
20151008061257.0 |
| 008 |
810331s1981 pau b s00110 eng |
| 010 |
|
|
|a 81047171
|
| 020 |
|
|
|a 0271002883 :
|c $13.75
|
| 035 |
|
|
|a (OCoLC)07460241
|
| 035 |
|
|
|9 AAJ7709AM
|
| 039 |
0 |
|
|a 2
|b 3
|c 3
|d 3
|e 3
|
| 040 |
|
|
|a DLC
|c DLC
|d TXA
|d UtOrBLW
|
| 049 |
|
|
|a TXAM
|c [933395]
|
| 050 |
0 |
0 |
|a BD436
|b .V36
|
| 082 |
0 |
|
|a 306.7
|2 19
|
| 100 |
1 |
|
|a Van de Vate, Dwight,
|d 1929-
|
| 245 |
1 |
0 |
|a Romantic love :
|b a philosophical inquiry /
|c Dwight Van de Vate, Jr.
|
| 264 |
|
1 |
|a University Park :
|b Pennsylvania State University Press,
|c [1981]
|
| 264 |
|
4 |
|c ©1981
|
| 300 |
|
|
|a 150 pages ;
|c 24 cm.
|
| 336 |
|
|
|a text
|b txt
|2 rdacontent
|
| 337 |
|
|
|a unmediated
|b n
|2 rdamedia
|
| 338 |
|
|
|a volume
|b nc
|2 rdacarrier
|
| 504 |
|
|
|a Includes bibliographical references and index.
|
| 650 |
|
0 |
|a Love.
|
| 999 |
|
|
|a MARS
|
| 999 |
f |
f |
|s 349f8856-e098-3ddc-999a-864fd3d1a48e
|i 96645abb-7fac-3c1b-9eb5-62ca700c1b7b
|t 0
|
| 952 |
f |
f |
|p ric
|a Texas A&M University
|b Rellis Campus
|c Joint Library Facility
|d Remote Storage
|t 0
|e BD436 .V36
|h Library of Congress classification
|i unmediated -- volume
|m A14806085932
|
| 998 |
f |
f |
|a BD436 .V36
|t 0
|l Remote Storage
|